Faktory ovlivňující připravenost měst realizovat integrační politiku cizinců
Faktory, ktoré ovplyvňujú pripravenosť a schopnosť miest realizovať vlastné integračné politiky. Relevantné teoretické koncepty vychádzajú zo štúdií migrácie a sociálnej politiky. Ide o vysvetľujúcu štúdiu na viacerých prípadoch. Štúdia identifikovala množstvo faktorov od legislatívneho nastavenia i...
Salvato in:
| Autore principale: | |
|---|---|
| Natura: | Capitolo di libro |
| Lingua: | ceco |
| Soggetti: | |
| Tags: |
Nessun Tag, puoi essere il primo ad aggiungerne!!
|
MARC
| LEADER | 00000naa a2200000 4500 | ||
|---|---|---|---|
| 001 | 0306142 | ||
| 005 | 20250114091142.1 | ||
| 041 | 0 | |a cze | |
| 044 | |a CZ | ||
| 245 | 1 | 0 | |a Faktory ovlivňující připravenost měst realizovat integrační politiku cizinců |c Eva Dohnalová |
| 520 | |a Faktory, ktoré ovplyvňujú pripravenosť a schopnosť miest realizovať vlastné integračné politiky. Relevantné teoretické koncepty vychádzajú zo štúdií migrácie a sociálnej politiky. Ide o vysvetľujúcu štúdiu na viacerých prípadoch. Štúdia identifikovala množstvo faktorov od legislatívneho nastavenia integračnej politiky až po úroveň interkultúrnych kompetencií administratívnej a odbornej reprezentácie mesta. Sociálne odbory mestských úradov zohrávajú relevantnú úlohu v mestskej integračnej politike. Interkultúrna kompetencia sociálnych pracovníkov mestských úradov je základnou podmienkou úspešnej integračnej politiky mesta. | ||
| 610 | 2 | 0 | |a politika integračná |
| 610 | 2 | 0 | |a migrácia |
| 610 | 2 | 0 | |a cudzinci |
| 610 | 2 | 0 | |a politika sociálna |
| 610 | 2 | 0 | |a práca sociálna |
| 610 | 2 | 0 | |a štúdie dosahové |
| 100 | 1 | |a Dohnalová, Eva | |